Gaming Quiz

Random Gaming or Pokémon Quiz

Self-Defeating Pokemon Quiz Stats

Quiz not verified by Sporcle

Also try: Toys: Close Up II
Challenge
Share
Tweet
Embed
Score 0/131 Timer 12:00
0 Plays Today
% Correct
Dragonite
87%
Dratini
86.4%
Dragonair
85.9%
Gengar
84.7%
Gastly
84.3%
Haunter
84.2%
Geodude
72.3%
Golem
72%
Graveler
71.7%
Salamence
69.6%
Bagon
68.5%
Shelgon
67.7%
Misdreavus
67.4%
Giratina
66.7%
Butterfree
65.9%
Palkia
65.2%
Onix
64.5%
Dusclops
64.2%
Duskull
64%
Mismagius
63.2%
Banette
62.6%
Shuppet
62.5%
Flygon
62.4%
Dusknoir
61.8%
Garchomp
61.6%
Kingdra
61%
Gible
60.8%
Gabite
60.7%
Rayquaza
60.4%
Steelix
60.2%
Vibrava
59.1%
Rhydon
58.7%
Rhyhorn
58.5%
Aerodactyl
57.9%
Zekrom
56.7%
Goodra
56.6%
Reshiram
56.5%
Zygarde
56.2%
Mega Charizard X
55.6%
Nidoking
55.2%
Goomy
55.1%
Nidoqueen
54.9%
Axew
54.9%
Sliggoo
54.8%
% Correct
Altaria
54.8%
Haxorus
54.7%
Kyurem
54.5%
Latios
54.2%
Latias
54.2%
Hydreigon
53.6%
Deino
53.3%
Lucario
53.2%
Fraxure
52.6%
Paras
52.5%
Parasect
52.3%
Hawlucha
51.9%
Zweilous
51.7%
Scyther
50.5%
Tropius
50.4%
Druddigon
50.4%
Pumpkaboo
49.8%
Noivern
49.4%
Trevenant
49.2%
Gourgeist
49%
Noibat
48.9%
Litwick
48.4%
Beautifly
48.4%
Jumpluff
48.3%
Chandelure
48.3%
Hoppip
48.2%
Skiploom
48.1%
Phantump
48%
Rhyperior
47.9%
Lampent
47.4%
Rotom
47.2%
Froslass
46.5%
Terrakion
46.4%
Camerupt
46.4%
Cobalion
46.4%
Numel
45.7%
Drifloon
45.2%
Drifblim
45.1%
Tyrantrum
44.6%
Tyrunt
44.4%
Ledian
43.2%
Ledyba
43%
Magcargo
42.8%
Scrafty
42.8%
% Correct
Yanma
42.7%
Aegislash
42.5%
Scraggy
42.4%
Mothim
42.4%
Golurk
42.4%
Honedge
42.4%
Vivillon
42.3%
Doublade
42.3%
Yanmega
41.9%
Golett
41.9%
Aurorus
41.6%
Yamask
41.2%
Stunfisk
41.2%
Amaura
41.2%
Cofagrigus
40.8%
Shedinja
40.7%
Archeops
40.5%
Shaymin (Sky Forme)
40.4%
Meloetta (Pirouette Forme)
40.3%
Archen
40%
Pangoro
40%
Dragalge
39.8%
Vespiquen
39.8%
Leavanny
39.7%
Jellicent
39.6%
Armaldo
39.2%
Frillish
39%
Arceus (Dragon or Ghost)
39%
Anorith
38.9%
Sewaddle
38.9%
Swadloon
38.6%
Mega Pinsir
38.2%
Pupitar
38.2%
Combee
38.1%
Larvitar
38%
Masquerain
38%
Wormadam (Grass Coat)
36.9%
Mega Ampharos
36.2%
Ninjask
36%
Shuckle
35.6%
Crustle
34.8%
Dwebble
34.3%
Excadrill
34.2%

You're not logged in!

Compare scores with friends on all Sporcle quizzes.
Sign Up with Email
OR
Log In

You Might Also Like...

Show Comments

Extras

Top Quizzes Today


Score Distribution

Your Account Isn't Verified!

In order to create a playlist on Sporcle, you need to verify the email address you used during registration. Go to your Sporcle Settings to finish the process.

Report this User

Report this user for behavior that violates our Community Guidelines.

Details: